La ciencia económica ante la "inutilidad" del socialismo / (Record no. 44243)

MARC details
000 -LEADER
campo de control de longitud fija 00737nam a2200205 i 4500
001 - NÚMERO DE CONTROL
campo de control 44243
003 - IDENTIFICADOR DE NÚMERO DE CONTROL
campo de control ES-MaACL
005 - FECHA Y HORA DE LA ÚLTIMA TRANSACCIÓN
campo de control 20230906161002.0
007 - CAMPO FIJO DE DESCRIPCIÓN FÍSICA--INFORMACIÓN GENERAL
campo de control de longitud fija t|
008 - DATOS DE LONGITUD FIJA--INFORMACIÓN GENERAL
campo de control de longitud fija 030320s1959 sp ||||1| spa d
245 03 - MENCIÓN DEL TÍTULO
Título La ciencia económica ante la "inutilidad" del socialismo /
Mención de responsabilidad, etc. Max Eastman ... [et al.] ; [versión directa del inglés por José Vicente Torrente Secorum].
260 ## - PUBLICACIÓN, DISTRIBUCIÓN, ETC.
Lugar de publicación, distribución, etc. Valencia :
Nombre del editor, distribuidor, etc. [s.n.],
Fecha de publicación, distribución, etc. 1959 (
Fabricante Tip. P. Quiles)
300 ## - DESCRIPCIÓN FÍSICA
Extensión 175 p. ;
Dimensiones 22 cm.
490 1# - MENCIÓN DE SERIE
Mención de serie Biblioteca de estudios económicos
700 1# - ENTRADA AGREGADA--NOMBRE PERSONAL
Nombre de persona Eastman, Max.
9 (RLIN) 46451
700 1# - ENTRADA AGREGADA--NOMBRE PERSONAL
Nombre de persona Torrente Secorum, José Vicente.
9 (RLIN) 110857
830 0# - PUNTO DE ACCESO ADICIONAL DE SERIE-TÍTULO UNIFORME
Título uniforme Biblioteca de estudios económicos
9 (RLIN) 182693
852 ## - LOCALIZACIÓN
Ubicación ES-MaACL
Número de control de estantería C-17469
Sublocalización o colección R.44611
Holdings
Estatus retirado Estado de pérdida Estado de daño No para préstamo Biblioteca de origen Biblioteca actual Ubicación en estantería Fecha de adquisición Fuente de adquisición Total de préstamos Signatura topográfica completa Código de barras Visto por última vez Precio de reemplazo Tipo de ítem Koha
        Biblioteca del Ateneo de Madrid Biblioteca del Ateneo de Madrid Galería 17/01/2008     C-17469 1046562 23/02/2023 23/02/2023 Libro impreso